00646nam a2200205Ia 4500008004000000020001800040082001700058100002100075245002900096260004400125300000800169650000800177650001000185650000800195650001500203690002400218906001100242999001900253952016800272210210b2005 xxu||||| |||| 00| 0 eng d a81 7729 118 1 a658.002 KUMU aKUMAR (Prashant) aUGC NET SLET: management aGurgaonbCosmos Bookhive (P) Ltd.c2005 a194 aUGC aSLET: aNET amanagement aManagement Entrance a060198 c107274d107274 001040708ManagementaALbALcManagementd2021-02-17eHigginbothams (P) Ltd., Mangalore 01.g300.00l0o658.002 KUMUp060198r2021-02-17 00:00:00w2021-02-17yBK